000 00744nam a2200205Ii 4500
003 JO-AjNU
008 230605s9999||||xx |||||||||||||| ||und||
040 _aJO-AjNU
_bara
_erda
_cJO-AjNU
041 _aara
050 1 4 _aLB1028.3.H546 2001
100 3 _aالحيلة،محمد محمود,
_eauthor
_923276
245 0 0 _aالتكنولوجيا التعليمية والمعلوماتية
250 _aط1
264 3 1 _aالعين:دار الكتاب الجامعي،2001
300 _a600ص
336 _atext
_btxt
_2rdacontent
337 _aunmediated
_bn
_2rdamedia
338 _avolume
_bnc
_2rdacarrier
650 4 _aوسائل تعليمية-تخزين المعلومات وإسترجاعها. تعلم عن بعد-إنترنت
_923277
999 _aA8394
_c11962
_d11962